Southville International School and Colleges
Your cart is empty.
  • Cart
  • Lists
    Public lists Eva Luna New books Lux_list list_1
    Your lists Log in to create your own lists
  • Log in to your account
  • Your cookies
  • Search history
Southville International School and Colleges
  • Advanced search
  • Recent comments
  • Most popular
  • Libraries

Log in to your account

Log in with GOOGLE


If you do not have an external account, but do have a local account, you can still log in:

  1. Home
  2. MARC view: Analytics at work :
Normal view MARC view ISBD view

Analytics at work : (Record no. 22450)

[ view plain ]
MARC details
000 -LEADER
fixed length control field 01251nam a2200241 a 4500
005 - DATE AND TIME OF LATEST TRANSACTION
control field 20140310183408.0
008 - FIXED-LENGTH DATA ELEMENTS--GENERAL INFORMATION
fixed length control field 121029s19uu xx 00 eng d
020 ## - INTERNATIONAL STANDARD BOOK NUMBER
International Standard Book Number 9781422177693
050 ## - LIBRARY OF CONGRESS CALL NUMBER
Classification number HD 38.7
Item number .D378 2010
100 ## - MAIN ENTRY--PERSONAL NAME
Personal name Davenport, Thomas H.
245 ## - TITLE STATEMENT
Title Analytics at work :
Remainder of title smarter decisions, better results /
Statement of responsibility, etc Thomas H. Davenport, Jeanne G. Harris, Robert Morison.
260 ## - PUBLICATION, DISTRIBUTION, ETC. (IMPRINT)
Place of publication, distribution, etc Boston, Mass. ; London :
Name of publisher, distributor, etc Harvard Business ; McGraw-Hill,
Date of publication, distribution, etc 2010.
300 ## - PHYSICAL DESCRIPTION
Extent xiii, 214 p. :
Other physical details ill. ;
Dimensions 25 cm.
500 ## - GENERAL NOTE
General note Includes bibliographical references and index
520 ## - SUMMARY, ETC.
Summary, etc Davenport, Harris, and coauthor Robert Morison reveal how all managers can effectively deploy analytics in their day-to-day operations - one business decision at a time. The authors show how many types of analytical tools, from statistical analysis to qualitative measures like systematic behavior coding, can improve decisions about everything from what new product offering might interest customers to whether marketing dollars are being most effectively deployed.
521 ## - TARGET AUDIENCE NOTE
Target audience note
650 ## - SUBJECT ADDED ENTRY--TOPICAL TERM
Topical term or geographic name as entry element Business intelligence
650 ## - SUBJECT ADDED ENTRY--TOPICAL TERM
Topical term or geographic name as entry element Decision making
700 ## - ADDED ENTRY--PERSONAL NAME
Personal name Harris, Jeanne G.
700 ## - ADDED ENTRY--PERSONAL NAME
Personal name Morison, Robert
942 ## - ADDED ENTRY ELEMENTS (KOHA)
Koha item type Books
Source of classification or shelving scheme Library of Congress Classification
Call number prefix Foreign
Holdings
Withdrawn status Lost status Source of classification or shelving scheme Damaged status Home library Current library Shelving location Date acquired Source of acquisition Cost, normal purchase price Total Checkouts Full call number Barcode Date last seen Copy number Price effective from Koha item type
    Library of Congress Classification   College Library College Library General Circulation Section 10/29/2012 Donation 1688.00   HD 38.7 .D378 2010 C16439 05/15/2018 1 10/10/2013 Books

Analytics at work :

APA

Davenport T. H., Harris J. G. & Morison R. (2010). Analytics at work. Boston, Mass. ; London: Harvard Business ; McGraw-Hill.

Chicago

Davenport Thomas H, Harris Jeanne G and Morison Robert. 2010. Analytics at work. Boston, Mass. ; London: Harvard Business ; McGraw-Hill.

Harvard

Davenport T. H., Harris J. G. and Morison R. (2010). Analytics at work. Boston, Mass. ; London: Harvard Business ; McGraw-Hill.

MLA

Davenport Thomas H, Harris Jeanne G and Morison Robert. Analytics at work. Boston, Mass. ; London: Harvard Business ; McGraw-Hill. 2010.

  • Place hold
  • Print
  • Cite
  • Add to your cart (remove)
  • Save record
    BIBTEX Dublin Core MARCXML MARC (non-Unicode/MARC-8) MARC (Unicode/UTF-8) MARC (Unicode/UTF-8, Standard) MODS (XML) RIS
  • More searches
    Search for this title in:
    Other Libraries (WorldCat) Other Databases (Google Scholar) Online Stores (Bookfinder.com) Open Library (openlibrary.org)

Exporting to Dublin Core...

SOUTHVILLE LIBRARY

Southville International School and Colleges Library

1281 Tropical Ave. Cor. Luxembourg St., BF Homes International, Las Pinas City

Tel. No. 8256374 / 252358 Loc. 117/146

Powered by Koha